|
VMS Library |
|
แสดงรายละเอียดบรรณานุกรม |
|
|
Brief Record
: Get Marc (ISO 2709)
: E-mail record
: |
|
|
| LEADER 00000nam 2200000uu 4500 | |||
| 001 13399137018 | |||
| 003 ULIBM | |||
| 008 260512s2545||||th 000 0 tha d | |||
| 020 ^a9749081919 | |||
| 050 ^aBQ1463 ^b .อ735 2545 | |||
| 100 0 ^aอู่ทอง ประศาสน์วินิจฉัย. | |||
| 245 10 ^aท่องทศชาติผ่านจิตรกรรม / ^c อู่ทอง ประศาสน์วินิจฉัย. | |||
| 260 ^aกรุงเทพฯ : ^b รุ่งเรืองรัตน์พริ้นติ้ง, ^c 2545. | |||
| 300 ^a2 เล่ม : ^b ภาพสีประกอบ. | |||
| 505 0 ^aล. 1. เต ช สุ เน ม -- ล. 2. ภู จ นา วิ เว. | |||
| 650 4 ^aชาดก. | |||
| 650 4 ^aจิตรกรรมพุทธศาสนา ^z ไทย. | |||
| 999 ^aปวีนา มาลยาภรณ์ | |||
| คุณยังไม่ได้ล็อกอิน คุณสามารถมีกิจกรรมร่วมกับเว็บไซต์ได้ แต่ต้องล็อกอินก่อน :: |
|
| สถานะ | |||||||||
| 1. | Prof.Dr.Vimolsiddhi Horayangkura Collections | BQ1463 .อ735 2545 ล.1 Barcode: 3 26 025562 | On Shelf ขอยืม | ||||||
| 2. | Prof.Dr.Vimolsiddhi Horayangkura Collections | BQ1463 .อ735 2545 ล.2 Barcode: 3 26 025563 | On Shelf ขอยืม | ||||||
| [แสดง 2/2 รายการ] | |||||||||
| รายการใกล้เคียง หัวเรื่อง [ชาดก.] |
BibComment |
| คอมเมนท์ทรัพยากรรายการนี้ |
|
|